000 00946nam0a22002531 4500
001 rc\1179330
005 20250622211627.0
035 _a(NLR Aleph) 006421611
090 _a5454407
_c5454407
100 _a20041129d1980 |||y0rusy50 ca
101 0 _arus
102 _aRU
105 _aa |||||||||
200 1 _aПроектирование локальных систем автоматического регулирования технологических процессов
_e(Учеб. пособие)
210 _aОрджоникидзе
_cСОГУ
_d1980
215 _a88 с.
_cил.
_d22
300 _aВ надзаг.: Сев.-Осет. гос. ун-т им. К.Л. Хетагурова
320 _aБиблиогр.: с. 87 (11 назв.)
700 1 _aКибизов
_bК.В.
_gКазбек Васильевич
801 0 _aRU
_bNLR
_gpsbo
801 1 _aRU
_bELAR
_2rusmarc
852 _aNLR
_j81-6/5420
942 _cBOOK
980 _aNB